Normal view MARC view

Entry Personal Name

Number of records used in: 1

001 - CONTROL NUMBER

  • control field: 18791

003 - CONTROL NUMBER IDENTIFIER

  • control field: UA-OsUOA

005 - DATE AND TIME OF LATEST TRANSACTION

  • control field: 20250214141137.0

008 - FIXED-LENGTH DATA ELEMENTS

  • fixed length control field: 250214|| aca||aabn | a|a d

040 ## - CATALOGING SOURCE

  • Original cataloging agency: UA-OsUOA
  • Transcribing agency: UA-OsUOA

100 ## - HEADING--PERSONAL NAME

  • Personal name: Завальнюк К. В

670 ## - SOURCE DATA FOUND

  • Source citation: Work cat.: (UA-OsUOA)573902: Завальнюк К. В., Князі Острозькі та Східне Поділля